000 00760nam a2200241Ia 4500
003 OSt
005 20220926004849.0
006 a|||||r|||| 00| 0
007 ta
008 220923b |||||||| |||| 00| 0 eng d
020 _a9789351508168
_c495.00
037 _b230, 09/03/2017, CLASSIC BOOKS SERVICES
_cGeneral Book
040 _aRTL
_cRTL
_beng
041 _2eng
_aeng
082 _aY:1-393, Q6
100 _aTHUSSU Daya Kishan
_9277379
245 0 _aCommunicating India's soft power
_b Buddha to bollywood
260 _a New Delhi
_bSage
_c2016
300 _aix,233p.
_ccm.
650 _aSociology
942 _hY:1-393, Q6
_cGB
_2CC
999 _c612428
_d612428